Faith promise for world witness : (Record no. 2387)
[ view plain ]
| 000 -LEADER | |
|---|---|
| fixed length control field | 00747cam a2200241Ii 4500 |
| 001 - CONTROL NUMBER | |
| control field | 23534 |
| 003 - CONTROL NUMBER IDENTIFIER | |
| control field | GBCCL |
| 005 - DATE AND TIME OF LATEST TRANSACTION | |
| control field | 20241126110428.0 |
| 008 - FIXED-LENGTH DATA ELEMENTS--GENERAL INFORMATION | |
| fixed length control field | 770214r1974 nbua 000 0 eng d |
| 035 ## - SYSTEM CONTROL NUMBER | |
| System control number | (OCoLC)02738484 |
| 040 ## - CATALOGING SOURCE | |
| Original cataloging agency | CDC |
| Transcribing agency | CDC |
| Modifying agency | FYB |
| 049 ## - | |
| -- | LBBK |
| 082 ## - DEWEY DECIMAL CLASSIFICATION NUMBER | |
| Classification number | 266.006 |
| Item number | LEW |
| 092 ## - LOCALLY ASSIGNED DEWEY CALL NUMBER (OCLC) | |
| Item number | L675f |
| 100 1# - MAIN ENTRY--PERSONAL NAME | |
| Personal name | Lewis, Norman, |
| Dates associated with a name | 1903- |
| 9 (RLIN) | 4942 |
| 245 10 - TITLE STATEMENT | |
| Title | Faith promise for world witness : |
| Remainder of title | a challenge to every church / |
| Statement of responsibility, etc. | by Norm Lewis. |
| 260 ## - PUBLICATION, DISTRIBUTION, ETC. | |
| Place of publication, distribution, etc. | Lincoln, Neb. : |
| Name of publisher, distributor, etc. | Back to the Bible Broadcast, |
| Date of publication, distribution, etc. | [1974] |
| 300 ## - PHYSICAL DESCRIPTION | |
| Extent | 127 p. : |
| Other physical details | ill. ; |
| Dimensions | 18 cm. |
| 500 ## - GENERAL NOTE | |
| General note | "Previous edition Triumphant Missionary ministry in the local church." |
| 650 #0 - SUBJECT ADDED ENTRY--TOPICAL TERM | |
| Topical term or geographic name entry element | Church finance. |
| 9 (RLIN) | 1379 |
| 650 #0 - SUBJECT ADDED ENTRY--TOPICAL TERM | |
| Topical term or geographic name entry element | Missions |
| General subdivision | Finance. |
| 9 (RLIN) | 3556 |
| 942 ## - ADDED ENTRY ELEMENTS (KOHA) | |
| Source of classification or shelving scheme | Dewey Decimal Classification |
| Koha item type | Books |
| Withdrawn status | Lost status | Source of classification or shelving scheme | Damaged status | Not for loan | Home library | Current Library | Shelving location | Date acquired | Total checkouts | Full call number | Barcode | Date last seen | Copy number | Price effective from | Koha item type |
|---|---|---|---|---|---|---|---|---|---|---|---|---|---|---|---|
| Dewey Decimal Classification | GRACE BIBLE COLLEGE | GRACE BIBLE COLLEGE | Ministry & Mission | 2017-08-10 | 266.006 LEW | 000879 | 2025-05-01 | c.2 | 2017-08-10 | Books | |||||
| Dewey Decimal Classification | GRACE BIBLE COLLEGE | GRACE BIBLE COLLEGE | Ministry & Mission | 2018-04-17 | 266.006 LEW | 000819 | 2025-05-01 | c.1 | 2018-04-17 | Books |